000 00480nam a2200229Ia 4500
001 067299
003 YMCAF
005 20230512160427.0
008 100717s1979 ||||||||||||||||| ||und|d
020 _a-
024 _a67299
035 _a6762
040 _aYMCAF
_beng
_cIN-KoLT
041 _aeng
100 _aDEVELOPEMTN, CELL
245 0 _aPROJECTS FITTER TOOL & DIIE MAKER
250 _a-
260 _bLAHORE
_c1979
653 _a-
653 _a-
942 _2ddc
_cBK
999 _c4395
_d4395